000 00479nam a2200205Ia 4500
005 20240823022718.0
008 240823s9999||||xx |||||||||||||| ||und||
020 _a81-7809-143-7
041 _aENGLISH
082 _A149.5 P2
100 _a"Mercer,Michael W"
245 0 _aSpontaneous Optimism
250 _a1st
260 _c2002
_b"Magna,M"
_aMumbai
500 _aYES
650 _aOptical
_bGeneral
700 _a" Troini,Marayann V"
942 _cBK
999 _c179820
_d179820